000 00624nam a2200217 i 4500
001 80717
003 ES-MaACL
005 20230906174259.0
007 t|
008 041029s1979 sp ||||1| spa d
020 _a84-282-0586-8
100 1 _aHolmes, Arthur.
_964051
245 1 0 _aGeología física /
_cArthur Holmes ; traducido por Monserrat Domingo de Miró.
250 _a3ª ed.
260 _aBarcelona :
_bOmega,
_c1979.
300 _aXV, 812 p. :
_bil. ;
_c25 cm.
500 _aIndice.
504 _aBibliografía.
700 1 _aDomingo de Miró, Montserrat.
_945137
852 _aES-MaACL
_jL-11622
_bR.113226
999 _c80717
_d80717